| 000 | 00774nam a2200229 a 4500 | ||
|---|---|---|---|
| 001 | 015831653 | ||
| 003 | Uk | ||
| 005 | 20121213111102.0 | ||
| 008 | 110108s2011 maua b |0|1 0|eng d | ||
| 020 | _a1608071901 | ||
| 020 | _a9781608071906 | ||
| 082 | 0 | 4 |
_a621.38483 _223 _bSKO |
| 100 | 1 |
_aSkobelev, S. P. _q(Sergeĭ Petrovich), _d1953- _931691 |
|
| 245 | 1 | 0 |
_aPhased Array Antennas with Optimized Element Patterns / _cSergei P. Skobelev. |
| 260 |
_aBoston : _bArtech House, _cc2011. |
||
| 300 |
_axxi, 261 p. : _bill. ; _c26 cm. |
||
| 490 | 0 | _aArtech House antennas and propagation series | |
| 504 | _aIncludes bibliographical references and index. | ||
| 650 | 0 |
_aPhased array antennas _xDesign and construction. _931692 |
|
| 653 |
_bEle _cDecember2012 |
||
| 942 |
_2ddc _cBB |
||
| 999 |
_c17136 _d17108 |
||